000 00336 a2200133 4500
005 20250416123358.0
020 _a978-9976-78-073-4
082 _a657 NBA
111 _aNBAA
245 _aA3 Financial Accounting: Study Text Foundation level.
260 _aDar es Salaam,
_bNBAA,
_c2019.
300 _a559p.: ill.;
_c29cm
942 _2ddc
_cBKS
999 _c1521
_d1521